| 000 | 00533 a2200217 4500 | ||
|---|---|---|---|
| 005 | 20260512165029.0 | ||
| 008 | 260512b |||||||| |||| 00| 0 eng d | ||
| 020 |
_a9789367296189 _cRs. 750.00 |
||
| 040 | _aMAIN | ||
| 082 |
_a294.5436 _bP969P |
||
| 100 | _aPunia, Suman | ||
| 245 | _aParan: Yogik dristikon se | ||
| 260 |
_bIndu Book Services _c2025 _aNew Delhi |
||
| 300 | _av, 148 | ||
| 650 | _aYoga | ||
| 650 | _aHinduism | ||
| 650 | _aPranajama | ||
| 650 | _aYogic Breathing | ||
| 700 | _aArya, Somveer | ||
| 942 | _cBK | ||
| 999 |
_c396145 _d396145 |
||